[Event "Florianopolis op 09"]
[Site "Florianopolis"]
[Date "2021.09.26"]
[Round "5"]
[White "Da Silva, Matheus Lopes"]
[Black "Leffeck, Mateus Bernal"]
[Result "1/2-1/2"]
[WhiteElo "1619"]
[BlackElo "1766"]
[PlyCount "178"]
[EventDate "2021.09.24"]
[EventType "swiss"]
[EventRounds "6"]
[EventCountry "BRA"]
[SourceTitle "EXT 2024"]
[Source "ChessBase"]
[SourceDate "2023.10.10"]
[SourceVersion "1"]
[SourceVersionDate "2023.10.10"]
[SourceQuality "1"]

1. e4 c6 2. d4 d5 3. Nd2 dxe4 4. Nxe4 Nf6 5. Nxf6+ exf6 6. Nf3 Bd6 7. Be2 0-0 8. 0-0 Re8 9. Re1 Be6 10. Be3 Nd7 11. c3 Qc7 12. Rc1 b5 13. c4 b4 14. d5 Bg4 15. dxc6 Ne5 16. h3 Nxf3+ 17. Bxf3 Bxf3 18. Qxf3 Rac8 19. Red1 Be5 20. Rd2 Qxc6 21. Qxc6 Rxc6 22. b3 Bc3 23. Rd7 Ra6 24. Rxa7 Rxa7 25. Bxa7 Ra8 26. Rd1 Kf8 27. Rd7 Ke8 28. Rb7 Be5 29. g3 g6 30. Bc5 Rxa2 31. Rxb4 Kd7 32. Kg2 Kc6 33. Be3 Bd6 34. Rb6+ Kc7 35. c5 Be5 36. Bf4 Bxf4 37. gxf4 f5 38. b4 Rb2 39. Kg3 Rb1 40. Rf6 Rxb4 41. Rxf7+ Kc6 42. Rxh7 Kxc5 43. Rg7 Rb1 44. Re7 Kd6 45. Re3 Rb8 46. Kh4 Rb2 47. Rg3 Rxf2 48. Rxg6+ Ke7 49. Kg5 Ra2 50. Kxf5 Ra5+ 51. Kg4 Kf7 52. Rg5 Ra8 53. h4 Kf6 54. h5 Rh8 55. Rg6+ Kf7 56. Kg5 Rb8 57. h6 Rb1 58. Rg7+ Kf8 59. f5 Rg1+ 60. Kf6 Rh1 61. Rg6 Rh2 62. Kg5 Rg2+ 63. Kh4 Rh2+ 64. Kg3 Rh5 65. Kf4 Kf7 66. Ke5 Rh1 67. Rf6+ Ke7 68. Re6+ Kf7 69. Kd6 Rd1+ 70. Kc7 Rh1 71. Kd7 Rd1+ 72. Rd6 Rf1 73. h7 Rh1 74. Kd8 Kg7 75. f6+ Kf7 76. Kc7 Rc1+ 77. Kd7 Rh1 78. Kc6 Kg6 79. Kd5 Rxh7 80. Ke6 Rf7 81. Ke5 Ra7 82. Rd4 Kf7 83. Rd5 Rb7 84. Kf5 Ra7 85. Kg5 Rb7 86. Rf5 Rb6 87. Rf4 Rb5+ 88. Rf5 Rxf5+ 89. Kxf5 Kf8 1/2-1/2

[Event "Florianopolis op 09"]
[Site "Florianopolis"]
[Date "2021.09.26"]
[Round "6"]
[White "De Freitas, Isabella Ribeiro Co"]
[Black "Da Silva, Matheus Lopes"]
[Result "1-0"]
[WhiteElo "1909"]
[BlackElo "1619"]
[PlyCount "103"]
[EventDate "2021.09.24"]
[EventType "swiss"]
[EventRounds "6"]
[EventCountry "BRA"]
[SourceTitle "EXT 2024"]
[Source "ChessBase"]
[SourceDate "2023.10.10"]
[SourceVersion "1"]
[SourceVersionDate "2023.10.10"]
[SourceQuality "1"]

1. c4 Nf6 2. Nc3 g6 3. e4 d6 4. d4 Bg7 5. Nf3 0-0 6. Be2 c5 7. d5 Nbd7 8. 0-0 a6 9. Rb1 Ng4 10. Ne1 Ngf6 11. a3 Nb6 12. Be3 Qc7 13. Rc1 e6 14. dxe6 Bxe6 15. b3 Rfe8 16. Nd3 Nfd7 17. Nf4 Qc6 18. Ncd5 Bxd5 19. exd5 Qc7 20. h4 Ne5 21. h5 Nbd7 22. b4 b6 23. Kh2 Bf6 24. Rh1 Kg7 25. Qd2 b5 26. Kg1 bxc4 27. Nh3 cxb4 28. Bh6+ Kg8 29. axb4 c3 30. Rxc3 Qb6 31. Rc1 Rac8 32. Kh2 Nf8 33. Be3 Qd8 34. f4 Rxc1 35. Rxc1 Qe7 36. fxe5 Qxe5+ 37. Bf4 Qxe2 38. Qxe2 Rxe2 39. Bxd6 Be5+ 40. Bxe5 Rxe5 41. hxg6 hxg6 42. d6 Rb5 43. Rc8 Kg7 44. Rc7 Rxb4 45. Ng5 Kf6 46. Nxf7 Rd4 47. Ra7 Ke6 48. Re7+ Kf6 49. Nd8 Rxd6 50. Rf7+ Kg5 51. Rxf8 a5 52. Nf7+ 1-0

[Event "Florianopolis op 09"]
[Site "Florianopolis"]
[Date "2021.09.25"]
[Round "2"]
[White "Volkmann, Andre Jordi"]
[Black "Da Silva, Matheus Lopes"]
[Result "1-0"]
[WhiteElo "2067"]
[BlackElo "1619"]
[PlyCount "107"]
[EventDate "2021.09.24"]
[EventType "swiss"]
[EventRounds "6"]
[EventCountry "BRA"]
[SourceTitle "EXT 2023"]
[Source "ChessBase"]
[SourceDate "2022.10.05"]
[SourceVersion "1"]
[SourceVersionDate "2022.10.05"]
[SourceQuality "1"]

1. d4 Nf6 2. c4 g6 3. f3 d5 4. cxd5 Nxd5 5. e4 Nf6 6. Nc3 Bg7 7. Be3 b6 8. Bb5+ c6 9. Be2 0-0 10. f4 Bb7 11. h3 c5 12. e5 Nd5 13. Nxd5 Bxd5 14. dxc5 bxc5 15. Bf3 e6 16. Kf2 Na6 17. a3 Qb6 18. Qc2 Bb3 19. Qc3 Rac8 20. Be2 Bd5 21. Nf3 Rfd8 22. Rhc1 Qb7 23. Bxa6 Qxa6 24. Bxc5 Bf8 25. b4 Bxc5+ 26. bxc5 Bxf3 27. gxf3 Rd3 28. Qb4 Rcd8 29. Qc4 Qc6 30. Qe4 R8d5 31. Kg3 R3d4 32. Qe3 h5 33. Rc3 Rd2 34. Rac1 Qc7 35. R1c2 Rd1 36. c6 g5 37. Kf2 gxf4 38. Qxf4 Rxe5 39. Re3 Rdd5 40. Rce2 f6 41. Rxe5 Rxe5 42. Rxe5 fxe5 43. Qg5+ Kf8 44. Qf6+ Ke8 45. Qxe6+ Kd8 46. Qg8+ Ke7 47. Qg7+ Kd6 48. Qxc7+ Kxc7 49. Kg3 Kxc6 50. Kh4 Kb5 51. Kxh5 Ka4 52. Kg4 Kxa3 53. h4 a5 54. h5 1-0

[Event "Timbo op"]
[Site "Timbo"]
[Date "2021.06.13"]
[Round "5"]
[White "Da Silva, Matheus Lopes"]
[Black "Nunes, Lucas Alexandre"]
[Result "1-0"]
[WhiteElo "1626"]
[BlackElo "1371"]
[PlyCount "53"]
[EventDate "2021.06.11"]
[EventType "swiss"]
[EventRounds "6"]
[EventCountry "BRA"]
[SourceTitle "EXT 2022"]
[Source "ChessBase"]
[SourceDate "2021.10.06"]
[SourceVersion "1"]
[SourceVersionDate "2021.10.06"]
[SourceQuality "1"]

1. b3 d5 2. Bb2 Bf5 3. Nf3 e6 4. Na3 Nf6 5. c4 c6 6. e3 Bb4 7. Nc2 Ba5 8. Be2 Nbd7 9. 0-0 0-0 10. Nh4 Bg6 11. f4 Ne4 12. b4 Bxb4 13. Nxg6 hxg6 14. Nxb4 Qa5 15. a3 c5 16. d3 cxb4 17. dxe4 bxa3 18. Rxa3 Qc7 19. cxd5 e5 20. fxe5 Nxe5 21. Bxe5 Qxe5 22. Qd4 Rfe8 23. Qxe5 Rxe5 24. Bd3 Re7 25. Re1 b6 26. Kf2 f6 27. Kf3 1-0

[Event "Timbo op"]
[Site "Timbo"]
[Date "2021.06.13"]
[Round "6"]
[White "Steuck, Camilli"]
[Black "Da Silva, Matheus Lopes"]
[Result "1/2-1/2"]
[WhiteElo "1264"]
[BlackElo "1626"]
[PlyCount "125"]
[EventDate "2021.06.11"]
[EventType "swiss"]
[EventRounds "6"]
[EventCountry "BRA"]
[SourceTitle "EXT 2022"]
[Source "ChessBase"]
[SourceDate "2021.10.06"]
[SourceVersion "1"]
[SourceVersionDate "2021.10.06"]
[SourceQuality "1"]

1. e4 Nf6 2. Nc3 d5 3. exd5 Nxd5 4. Nxd5 Qxd5 5. d3 c5 6. h3 b6 7. Nf3 Bb7 8. Be2 e5 9. Be3 Bd6 10. c3 f5 11. Qc2 0-0 12. Qb3 Nd7 13. Qxd5+ Bxd5 14. 0-0 Rae8 15. Rfe1 Bc6 16. Rad1 Bc7 17. Bc1 h6 18. Nh2 Nf6 19. Bf3 e4 20. dxe4 Nxe4 21. Nf1 Bb5 22. Nd2 Ng5 23. Bd5+ Kh8 24. c4 Rxe1+ 25. Rxe1 Re8 26. Rxe8+ Bxe8 27. h4 Nf7 28. Nf3 Ne5 29. Nxe5 Bxe5 30. g3 Bh5 31. Kf1 Bd1 32. Ke1 Bc2 33. Ke2 Kh7 34. a3 g6 35. b4 cxb4 36. axb4 Bb3 37. Kd3 Kg7 38. Be3 Ba2 39. b5 Bb3 40. Kd2 Ba2 41. Kd3 h5 42. Bg5 Bb1+ 43. Ke3 Bc2 44. Kd2 Bb1 45. Ke3 Bb2 46. Ke2 Be5 47. Ke3 Kf8 48. Ke2 f4 49. gxf4 Bd6 50. Ke3 Bc5+ 51. Ke2 Ke8 52. Bf6 Kd7 53. Be5 Bd6 54. Ke3 Bc5+ 55. Ke2 Bd6 56. Ke3 Bf5 57. Ke2 Bg4+ 58. Ke3 Bc5+ 59. Bd4 Bxd4+ 60. Kxd4 Kd6 61. Bf7 Bf5 62. Bd5 Bc2 63. Bf7 1/2-1/2

[Event "Timbo op"]
[Site "Timbo"]
[Date "2021.06.12"]
[Round "4"]
[White "Dull, Amanda Paul"]
[Black "Da Silva, Matheus Lopes"]
[Result "1-0"]
[WhiteElo "1836"]
[BlackElo "1626"]
[PlyCount "75"]
[EventDate "2021.06.11"]
[EventType "swiss"]
[EventRounds "6"]
[EventCountry "BRA"]
[SourceTitle "EXT 2022"]
[Source "ChessBase"]
[SourceDate "2021.10.06"]
[SourceVersion "1"]
[SourceVersionDate "2021.10.06"]
[SourceQuality "1"]

1. e4 c5 2. d4 cxd4 3. c3 d3 4. c4 e6 5. Nc3 d6 6. Bxd3 Nf6 7. Nge2 Be7 8. 0-0 Nbd7 9. b3 b6 10. Bb2 Bb7 11. Bc2 Nc5 12. Ng3 0-0 13. Qe2 a6 14. Rad1 Qc7 15. f4 b5 16. e5 Ne8 17. Qh5 g6 18. Qh6 dxe5 19. f5 Qc6 20. Rd2 exf5 21. Nd5 Bd8 22. Bxe5 Ne6 23. Kh1 Bg5 24. Qxg5 Qxd5 25. Qe3 Qc5 26. Qe1 bxc4 27. Nxf5 f6 28. Nh6+ Kg7 29. Rd7+ Kh8 30. Bc3 Qc6 31. Rxb7 Qxb7 32. Qxe6 Kg7 33. Qh3 cxb3 34. Bxb3 Qb5 35. Re1 Ra7 36. Qe3 Rc7 37. Ng4 Qf5 38. Qh6+ 1-0

[Event "Timbo op"]
[Site "Timbo"]
[Date "2021.06.11"]
[Round "1"]
[White "Da Silva, Matheus Lopes"]
[Black "Darcanal, Emanuele1111"]
[Result "1-0"]
[WhiteElo "1626"]
[BlackElo "1030"]
[PlyCount "59"]
[EventDate "2021.06.11"]
[EventType "swiss"]
[EventRounds "6"]
[EventCountry "BRA"]
[SourceTitle "EXT 2022"]
[Source "ChessBase"]
[SourceDate "2021.10.06"]
[SourceVersion "1"]
[SourceVersionDate "2021.10.06"]
[SourceQuality "1"]

1. e4 c5 2. Nf3 a6 3. d4 cxd4 4. Nxd4 e5 5. Nf5 g6 6. Ne3 d6 7. Nc3 Nf6 8. a4 Be7 9. Ned5 Be6 10. Bc4 Nbd7 11. Be3 Rb8 12. a5 Ng4 13. Nc7+ Qxc7 14. Bxe6 Nxe3 15. Bxd7+ Qxd7 16. fxe3 0-0 17. 0-0 b5 18. Nd5 b4 19. Nxe7+ Qxe7 20. Qd3 Qa7 21. Rf6 Rfd8 22. b3 Kg7 23. Raf1 Qc5 24. Rxf7+ Kg8 25. Kh1 Qxa5 26. Qc4 d5 27. exd5 Qxd5 28. Rf8+ Kg7 29. R1f7+ Kh6 30. Qh4# 1-0

[Event "Sao Bento do Sul op 4th"]
[Site "Sao Bento do Sul"]
[Date "2020.11.02"]
[Round "6"]
[White "Da Silva Junior, Marco Aurelio"]
[Black "Da Silva, Matheus Lopes"]
[Result "0-1"]
[WhiteElo "1709"]
[BlackElo "1603"]
[PlyCount "124"]
[EventDate "2020.10.31"]
[EventType "swiss"]
[EventRounds "6"]
[EventCountry "BRA"]
[SourceTitle "EXT 2022"]
[Source "ChessBase"]
[SourceDate "2021.10.06"]
[SourceVersion "1"]
[SourceVersionDate "2021.10.06"]
[SourceQuality "1"]

1. Nf3 Nf6 2. g3 g6 3. b3 Bg7 4. Bb2 c6 5. Bg2 d5 6. 0-0 0-0 7. d3 Nbd7 8. Nbd2 Re8 9. e4 dxe4 10. dxe4 Nxe4 11. Bxg7 Nxd2 12. Qxd2 Kxg7 13. Rad1 Qc7 14. Rfe1 Nf6 15. Qc3 Kg8 16. Ng5 h6 17. Ne4 Nxe4 18. Bxe4 Be6 19. Qe3 Kh7 20. h4 a6 21. h5 Bf5 22. Bxf5 gxf5 23. Qc5 e6 24. Rd6 Rad8 25. Red1 Rxd6 26. Qxd6 Qxd6 27. Rxd6 Re7 28. f4 Kg7 29. Kf2 Kf6 30. Kf3 Rc7 31. c4 Ke7 32. c5 Rd7 33. Rxd7+ Kxd7 34. Ke3 Ke7 35. Kd4 Kf6 36. b4 Ke7 37. a4 f6 38. a5 Kf7 39. Kd3 e5 40. g4 Ke6 41. gxf5+ Kxf5 42. fxe5 fxe5 43. Ke3 e4 44. Ke2 Kg5 45. Ke3 Kf5 46. Ke2 Ke5 47. Ke3 Kd5 48. Ke2 Kd4 49. Kd2 e3+ 50. Ke2 Ke4 51. Ke1 Kd3 52. Kd1 Kc3 53. Ke2 Kxb4 54. Kxe3 Kxc5 55. Kf4 Kd5 56. Kf5 c5 57. Kg6 c4 58. Kxh6 c3 59. Kg7 c2 60. h6 c1Q 61. h7 Kc5 62. Kg8 Qc3 0-1

[Event "Sao Bento do Sul op 4th"]
[Site "Sao Bento do Sul"]
[Date "2020.10.31"]
[Round "2"]
[White "Da Silva, Matheus Lopes"]
[Black "Borges, Lucas Silvestre"]
[Result "1-0"]
[WhiteElo "1603"]
[BlackElo "1891"]
[PlyCount "119"]
[EventDate "2020.10.31"]
[EventType "swiss"]
[EventRounds "6"]
[EventCountry "BRA"]
[SourceTitle "EXT 2022"]
[Source "ChessBase"]
[SourceDate "2021.10.06"]
[SourceVersion "1"]
[SourceVersionDate "2021.10.06"]
[SourceQuality "1"]

1. e4 c6 2. d4 d5 3. e5 Bf5 4. g4 Be4 5. f3 Bg6 6. h4 h5 7. Bd3 Bxd3 8. Qxd3 e6 9. g5 Ne7 10. Ne2 c5 11. c3 Nd7 12. Nf4 g6 13. Na3 Nf5 14. Nc2 c4 15. Qd1 Nxh4 16. Rxh4 Qxg5 17. Rh3 Qg1+ 18. Ke2 Qxd1+ 19. Kxd1 Be7 20. Ne3 0-0-0 21. Bd2 Nb6 22. Kc2 Kd7 23. Rg1 Rdf8 24. Be1 Kc6 25. Bh4 Nc8 26. b3 b5 27. a4 a6 28. axb5+ axb5 29. bxc4 bxc4 30. Bxe7 Nxe7 31. Ra1 Ra8 32. Rhh1 Rhb8 33. Nh3 Kd7 34. Rhb1 Ke8 35. Ng5 Kf8 36. Rxb8+ Rxb8 37. Ra7 Rc8 38. Ng2 Ke8 39. Nf4 Rb8 40. Nfh3 Nf5 41. Nxf7 Ne3+ 42. Kc1 Rb3 43. Nd6+ Kf8 44. Ng5 Rxc3+ 45. Kd2 Rd3+ 46. Ke2 Nf5 47. Nxe6+ Kg8 48. Nxf5 gxf5 49. Rg7+ Kh8 50. Rg5 Ra3 51. Rxh5+ Kg8 52. Rxf5 Ra2+ 53. Kd1 c3 54. Rf8+ Kh7 55. Rc8 Ra6 56. Nf4 Ra4 57. Ne2 Ra1+ 58. Kc2 Ra2+ 59. Kd3 Rd2+ 60. Ke3 1-0

[Event "Sao Bento do Sul op 4th"]
[Site "Sao Bento do Sul"]
[Date "2020.10.31"]
[Round "1"]
[White "Volkmann, Andre Jordi"]
[Black "Da Silva, Matheus Lopes"]
[Result "1/2-1/2"]
[WhiteElo "2059"]
[BlackElo "1603"]
[PlyCount "113"]
[EventDate "2020.10.31"]
[EventType "swiss"]
[EventRounds "6"]
[EventCountry "BRA"]
[SourceTitle "EXT 2022"]
[Source "ChessBase"]
[SourceDate "2021.10.06"]
[SourceVersion "1"]
[SourceVersionDate "2021.10.06"]
[SourceQuality "1"]

1. d4 Nf6 2. c4 g6 3. f3 d5 4. cxd5 Nxd5 5. e4 Nb6 6. Nc3 Bg7 7. Be3 Nc6 8. Bb5 Bd7 9. f4 a6 10. Be2 e6 11. Nf3 Bc8 12. 0-0 0-0 13. a4 a5 14. Rc1 Nb4 15. Qb3 Bd7 16. Rfd1 Qe8 17. Bb5 c6 18. Bf1 c5 19. dxc5 Nxa4 20. Rxd7 Nxc3 21. bxc3 Qxd7 22. cxb4 axb4 23. Qxb4 Ra4 24. c6 Qxc6 25. Qxf8+ Bxf8 26. Rxc6 bxc6 27. Nd2 Ra3 28. Nc4 Ra1 29. Ne5 c5 30. Nd7 c4 31. Nxf8 Kxf8 32. Kf2 c3 33. Bd3 Ra2+ 34. Kf3 h5 35. f5 Ra1 36. fxg6 fxg6 37. e5 Kf7 38. Kf4 Ra4+ 39. Kf3 Ra2 40. h4 c2 41. g3 Ra5 42. Bxc2 Rxe5 43. Be4 Ra5 44. Kf4 Rb5 45. Bd4 Rb4 46. Be5 Ra4 47. Ke3 Ra5 48. Bc3 Ra3 49. Kd3 Ra7 50. Kd4 Ra4+ 51. Ke5 Ra3 52. Be1 Re3 53. Bf2 Re2 54. Bc5 Re1 55. Kf4 Rc1 56. Bd4 Rc4 57. Be5 1/2-1/2

[Event "Paranaense-ch U20"]
[Site "Pirai do Sul"]
[Date "2019.07.14"]
[Round "5.1"]
[White "Mainardes, Christian Junior"]
[Black "Da Silva, Matheus Lopes"]
[Result "1/2-1/2"]
[WhiteElo "1732"]
[BlackElo "1620"]
[PlyCount "68"]
[EventDate "2019.07.12"]
[EventType "swiss"]
[EventRounds "6"]
[EventCountry "BRA"]
[SourceTitle "EXT 2022"]
[Source "ChessBase"]
[SourceDate "2021.10.06"]
[SourceVersion "1"]
[SourceVersionDate "2021.10.06"]
[SourceQuality "1"]

1. e4 c5 2. Nf3 d6 3. d4 cxd4 4. Nxd4 Nf6 5. Nc3 a6 6. Be2 e5 7. Nf3 Be7 8. 0-0 b5 9. a3 Bb7 10. h3 Nxe4 11. Nxe4 Bxe4 12. Re1 Bb7 13. c3 0-0 14. Qc2 f5 15. g3 Nd7 16. Bd2 Rc8 17. Rad1 Nc5 18. Be3 Ne4 19. Nxe5 Qe8 20. Nd3 Ng5 21. Bxg5 Bxg5 22. Nf4 Bxf4 23. Bc4+ bxc4 24. Rxe8 Rcxe8 25. gxf4 Rf6 26. Kh2 Be4 27. Qa4 Ree6 28. Qxc4 d5 29. Qc8+ Kf7 30. Rg1 Rg6 31. Rxg6 Rxg6 32. Qd7+ Kf8 33. Qd8+ Kf7 34. Qd7+ Kf8 1/2-1/2

[Event "Paranaense-ch U20"]
[Site "Pirai do Sul"]
[Date "2019.07.12"]
[Round "2.5"]
[White "Da Silva, Matheus Lopes"]
[Black "Alves, Matheus Oliveira"]
[Result "1-0"]
[WhiteElo "1620"]
[BlackElo "1555"]
[PlyCount "103"]
[EventDate "2019.07.12"]
[EventType "swiss"]
[EventRounds "6"]
[EventCountry "BRA"]
[SourceTitle "EXT 2022"]
[Source "ChessBase"]
[SourceDate "2021.10.06"]
[SourceVersion "1"]
[SourceVersionDate "2021.10.06"]
[SourceQuality "1"]

1. e4 c5 2. Nf3 Nc6 3. d4 cxd4 4. Nxd4 Nf6 5. Nc3 e5 6. Ndb5 d6 7. Nd5 Nxd5 8. exd5 Ne7 9. c4 a6 10. Nc3 g6 11. Bg5 b6 12. Ne4 Bg7 13. Nf6+ Bxf6 14. Bxf6 0-0 15. Qd2 Qd7 16. Qg5 Qf5 17. Bxe7 Qxg5 18. Bxg5 Re8 19. Be3 Rb8 20. Be2 Bd7 21. 0-0 h5 22. b4 f5 23. Rfc1 f4 24. Bd2 Rbc8 25. a4 h4 26. a5 b5 27. c5 h3 28. cxd6 hxg2 29. Rxc8 Rxc8 30. Rc1 Rf8 31. Kxg2 e4 32. Kh1 Rf6 33. Bd1 g5 34. Bc3 Rxd6 35. Be5 Rh6 36. Rc7 Rh7 37. Bc2 Re7 38. Bf6 e3 39. Bxe7 e2 40. Bh7+ Kxh7 41. Rc1 g4 42. f3 gxf3 43. Kg1 Kg6 44. Kf2 Bg4 45. Rc6+ Kf5 46. Rxa6 Ke4 47. Bg5 e1Q+ 48. Kxe1 Ke3 49. Re6+ Kd4 50. Re7 Kxd5 51. Bxf4 Kc4 52. Bd6 1-0

[Event "BRA-ch Amateur U1800"]
[Site "Sao Paulo"]
[Date "2019.06.23"]
[Round "7"]
[White "Nobre, Jailson Altair Barb"]
[Black "Da Silva, Matheus Lopes"]
[Result "1-0"]
[WhiteElo "1695"]
[BlackElo "1633"]
[PlyCount "107"]
[EventDate "2019.06.20"]
[EventType "swiss"]
[EventRounds "7"]
[EventCountry "BRA"]
[SourceTitle "CBM 195 Extra"]
[Source "ChessBase"]
[SourceDate "2020.05.31"]
[SourceVersion "1"]
[SourceVersionDate "2020.05.31"]
[SourceQuality "1"]

1. e4 Nf6 2. d3 d5 3. Nd2 dxe4 4. dxe4 e5 5. Ngf3 Nbd7 6. Bc4 Bd6 7. 0-0 Nc5 8. Re1 Be6 9. Bxe6 Nxe6 10. Nc4 Nc5 11. Bg5 Qe7 12. Bxf6 Qxf6 13. Nxd6+ Qxd6 14. Qxd6 cxd6 15. Rad1 Rd8 16. b3 b5 17. Rd5 a6 18. Nxe5 Nxb3 19. Nxf7 Kxf7 20. cxb3 Rhe8 21. f3 Re5 22. Red1 Rxd5 23. Rxd5 Rc8 24. Rd2 Ke6 25. Kf2 Rc3 26. Ke2 Ke5 27. Rd5+ Ke6 28. Kd2 Rc6 29. f4 g6 30. g4 Kf6 31. g5+ Ke6 32. Rd3 Rc7 33. Rc3 Rf7 34. Ke3 Kd7 35. b4 Rf8 36. a3 Rf7 37. Rd3 Ke6 38. Rc3 Re7 39. Kf3 Re8 40. h3 Re7 41. Kg4 Kf7 42. Re3 Ke8 43. Kf3 Rf7 44. Rd3 Rc7 45. f5 gxf5 46. exf5 Rc1 47. f6 Kf7 48. Kg4 Kg6 49. h4 Rc4+ 50. Kg3 Rc1 51. Rxd6 Rc3+ 52. Kf4 Rxa3 53. Rd7 Ra1 54. Rg7+ 1-0

[Event "BRA-ch Amateur U1800"]
[Site "Sao Paulo"]
[Date "2019.06.22"]
[Round "5"]
[White "Brujin, Homero"]
[Black "Da Silva, Matheus Lopes"]
[Result "1/2-1/2"]
[WhiteElo "1485"]
[BlackElo "1633"]
[PlyCount "109"]
[EventDate "2019.06.20"]
[EventType "swiss"]
[EventRounds "7"]
[EventCountry "BRA"]
[SourceTitle "CBM 195 Extra"]
[Source "ChessBase"]
[SourceDate "2020.05.31"]
[SourceVersion "1"]
[SourceVersionDate "2020.05.31"]
[SourceQuality "1"]

1. c4 Nf6 2. Nc3 g6 3. Nf3 Bg7 4. g3 c6 5. e4 d5 6. cxd5 cxd5 7. exd5 Nxd5 8. Bg2 Nxc3 9. bxc3 0-0 10. 0-0 Bf5 11. Qb3 Be4 12. Re1 Bd5 13. Qc2 Nc6 14. Rb1 Qc7 15. d3 Bxf3 16. Bxf3 Ne5 17. Qd1 Nxf3+ 18. Qxf3 Qxc3 19. Bb2 Qa5 20. Bxg7 Kxg7 21. Rxe7 b6 22. Qe2 Qd5 23. Qe5+ Qxe5 24. Rxe5 Rfd8 25. Rd1 Rd4 26. Kf1 Rad8 27. Ke2 a6 28. Ke3 R8d7 29. Re4 Rxe4+ 30. Kxe4 Re7+ 31. Kf3 b5 32. d4 Kf6 33. Rc1 Re6 34. Rc5 Ke7 35. Rc7+ Kf6 36. d5 Re7 37. d6 Re6 38. Rc6 Re1 39. Rxa6 Rd1 40. Rb6 Rd2 41. Ke3 Rxa2 42. Rxb5 Ra7 43. Rb6 Ke6 44. Kd4 Ra5 45. Rc6 Rd5+ 46. Ke4 Rxd6 47. Rxd6+ Kxd6 48. Kf4 h6 49. h4 Ke6 50. f3 f6 51. Ke4 f5+ 52. Kd4 Kd6 53. f4 h5 54. Kc4 Kc6 55. Kd4 1/2-1/2

[Event "BRA-ch Amateur U1800"]
[Site "Sao Paulo"]
[Date "2019.06.21"]
[Round "4"]
[White "Da Silva, Matheus Lopes"]
[Black "Palomino, Alexandre Cardoso D"]
[Result "1-0"]
[WhiteElo "1633"]
[BlackElo "1740"]
[PlyCount "41"]
[EventDate "2019.06.20"]
[EventType "swiss"]
[EventRounds "7"]
[EventCountry "BRA"]
[SourceTitle "CBM 195 Extra"]
[Source "ChessBase"]
[SourceDate "2020.05.31"]
[SourceVersion "1"]
[SourceVersionDate "2020.05.31"]
[SourceQuality "1"]

1. d4 d6 2. c4 Nf6 3. Nf3 c6 4. e3 Bg4 5. Be2 Nbd7 6. Nbd2 e5 7. dxe5 dxe5 8. b3 Qc7 9. Bb2 Bd6 10. Qc2 Bh5 11. 0-0 Bg6 12. Bd3 Bxd3 13. Qxd3 Nc5 14. Qc2 e4 15. Nd4 Bxh2+ 16. Kh1 Qe5 17. g3 Bxg3 18. fxg3 Qxg3 19. Rfe1 Ng4 20. Nxe4 Nxe4 21. Qxe4+ 1-0

[Event "Florianopolis op 5th"]
[Site "Florianopolis"]
[Date "2019.01.22"]
[Round "2"]
[White "Da Silva, Matheus Lopes"]
[Black "De Oliveira, Nicolas Fabiane"]
[Result "1-0"]
[WhiteElo "1653"]
[BlackElo "1078"]
[PlyCount "77"]
[EventDate "2019.01.21"]
[EventType "swiss"]
[EventRounds "10"]
[EventCountry "BRA"]
[SourceTitle "CBM 188 Extra"]
[Source "ChessBase"]
[SourceDate "2019.02.26"]
[SourceVersion "1"]
[SourceVersionDate "2019.02.26"]
[SourceQuality "1"]

1. e4 e6 2. d4 d5 3. exd5 exd5 4. Bf4 Nf6 5. Nf3 Be7 6. Bd3 0-0 7. 0-0 Bg4 8. Nbd2 Nc6 9. c3 Bd6 10. Bxd6 Qxd6 11. Qc2 g6 12. h3 Bd7 13. Rfe1 Rae8 14. b4 a6 15. a4 Na7 16. Ne5 Bc8 17. b5 a5 18. Nb3 b6 19. Nd2 c5 20. bxc6 Nxc6 21. Nxc6 Qxc6 22. Rxe8 Rxe8 23. Bb5 Qe6 24. Bxe8 Qxe8 25. Nf3 Bf5 26. Qb3 Qb8 27. Ne5 Qd6 28. Ra2 h5 29. Rb2 Be6 30. Qxb6 Qa3 31. Qb3 Qf8 32. Qb8 Ne8 33. Rb6 Bf5 34. Ra6 Qe7 35. Ra7 Qf8 36. Rxf7 Qxf7 37. Nxf7 Kxf7 38. Qb7+ Kf6 39. Qxd5 1-0

[Event "Caioba Telecom op"]
[Site "Caioba"]
[Date "2018.08.04"]
[Round "8"]
[White "Da Silva, Matheus Lopes"]
[Black "Silva, Richard Santana"]
[Result "1-0"]
[WhiteElo "1620"]
[BlackElo "1368"]
[PlyCount "115"]
[EventDate "2018.08.01"]
[EventType "swiss"]
[EventRounds "9"]
[EventCountry "BRA"]
[SourceTitle "CBM 186 Extra"]
[Source "ChessBase"]
[SourceDate "2018.08.24"]
[SourceVersion "1"]
[SourceVersionDate "2018.08.24"]
[SourceQuality "1"]

1. Nf3 Nf6 2. g3 d5 3. Bg2 e6 4. 0-0 Be7 5. d4 c5 6. c3 Nc6 7. Nbd2 Qb6 8. e3 0-0 9. dxc5 Bxc5 10. Nb3 Bd7 11. Nxc5 Qxc5 12. Nd4 Nxd4 13. exd4 Qe7 14. Re1 h6 15. Bf4 Bc6 16. Qb3 Nh5 17. Be3 Nf6 18. Qc2 Rac8 19. Rac1 Ne8 20. Qe2 Nd6 21. Bf1 Bb5 22. Qc2 Bxf1 23. Kxf1 Qf6 24. Kg2 Qg6 25. Qb3 Qe4+ 26. Kg1 Qf3 27. Qc2 Qg4 28. Qd3 Qh3 29. Qf1 Qxf1+ 30. Kxf1 Rc6 31. Rc2 Rb6 32. b3 Rc8 33. Rec1 Rbc6 34. Ke2 Nb5 35. Kd3 Na3 36. Re2 b5 37. Ree1 Kh7 38. g4 a5 39. Bd2 a4 40. h4 Kg6 41. f4 f5 42. h5+ Kf6 43. g5+ hxg5 44. fxg5+ Kf7 45. Rh1 Rh8 46. Bf4 Ke7 47. Be5 Kf7 48. g6+ Kf8 49. Bf4 Kg8 50. Rh2 b4 51. cxb4 Rxc1 52. Bxc1 Nb5 53. bxa4 Nd6 54. b5 Kf8 55. Ba3 Ke7 56. Bxd6+ Kxd6 57. a5 Kc7 58. Ke3 1-0

[Event "Caioba Telecom op"]
[Site "Caioba"]
[Date "2018.08.01"]
[Round "1"]
[White "Rodrigues, Edgar"]
[Black "Da Silva, Matheus Lopes"]
[Result "1-0"]
[WhiteElo "2301"]
[BlackElo "1620"]
[PlyCount "63"]
[EventDate "2018.08.01"]
[EventType "swiss"]
[EventRounds "9"]
[EventCountry "BRA"]
[SourceTitle "CBM 186 Extra"]
[Source "ChessBase"]
[SourceDate "2018.08.24"]
[SourceVersion "1"]
[SourceVersionDate "2018.08.24"]
[SourceQuality "1"]

1. e4 c5 2. Nf3 d6 3. d4 cxd4 4. Nxd4 Nf6 5. Nc3 a6 6. Qf3 e5 7. Nf5 Nc6 8. Bg5 Bxf5 9. exf5 Nd4 10. Qxb7 Rb8 11. Qxa6 Nxc2+ 12. Kd2 Nxa1 13. Bb5+ Rxb5 14. Qxb5+ Qd7 15. Qb8+ Qd8 16. Qxd8+ Kxd8 17. Rxa1 Kd7 18. b4 Be7 19. b5 Rc8 20. a4 Rxc3 21. Kxc3 Nd5+ 22. Kc4 Nb6+ 23. Kd3 Bxg5 24. a5 Na8 25. b6 Kc6 26. Rb1 Nxb6 27. Rxb6+ Kc7 28. Rb2 Bf6 29. Rb1 d5 30. a6 e4+ 31. Ke3 Be7 32. Rb7+ 1-0